000 00281nam a22001337a 4500
008 170920b xxu||||| |||| 00| 0 eng d
020 _a003063511-X
041 _aeng
080 _a7
100 _a45
101 _aART
245 _aCULTURE AND VALUES
_cREICH,J
942 _2udc
_cBK
999 _c28483
_d28483